000 00285nam a2200109Ia 4500
001 1276667
005 20260417160452.0
008 260417s9999 xx 000 0 und d
020 _a9789944691277
245 0 _aÜlkemin Efsaneleri
_cİbrahim Zeki Burdurlu
260 _bTudem Yayınları
999 _c1276667
_d1276667